| 000 | 01103nam a2200313Ia 4500 | ||
|---|---|---|---|
| 008 | 0000002007 usad 0000000000eng00 | ||
| 020 | _a139780292714229 | ||
| 090 | _aPUS.00 K14m | ||
| 100 | 1 | _aKalil, Susie | |
| 245 | 1 | 0 |
_aMelissa Miller _c/ text by Susie Kalil with an essay by Michael Duncan |
| 300 |
_a175 p. _c/ 32 cm. |
||
| 500 | _aRegistro auspiciado por la FGAA. Bogotá | ||
| 501 | _aMelissa Miller's paintings: metamorphosis, transformation and stasis / Michael Duncan | ||
| 600 | 0 | 0 |
_aMILLER, MELISSA, 1951/ _xTRABAJOS PICTORICOS |
| 650 | 1 | 4 | _aACUARELA |
| 650 | 1 | 4 | _aANIMALES EN EL ARTE |
| 650 | 1 | 4 | _aARTE CONTEMPORANEO ESTADOUNIDENSE |
| 650 | 1 | 4 | _aARTISTAS PLASTICOS ESTADOUNIDENSES |
| 650 | 1 | 4 | _xCATALOGOS |
| 650 | 1 | 4 | _aGOUACHE (PINTURA) |
| 650 | 1 | 4 | _aMUJERES ARTISTAS ESTADOUNIDENSES |
| 650 | 1 | 4 | _aPINTORES ESTADOUNIDENSES |
| 650 | 1 | 4 | _aPINTURA (TECNICA MIXTA) |
| 650 | 1 | 4 | _aPINTURA ACRILICA (ARTE) |
| 650 | 1 | 4 | _aPINTURA AL OLEO |
| 650 | 1 | 4 | _aPINTURA ESTADOUNIDENSE |
| 700 | 1 | _aDuncan, Michael | |
| 999 |
_c11014 _d11014 |
||
| 260 |
_aAustin : University of Texas _c2007 |
||